000 00439nam a2200169Ia 4500
003 GCL
008 140319s9999 xx 000 0 ara d
040 _aGCL /
_cGCL
082 0 4 _a823.03
_bج ب
100 1 _aمحمود مسعود
245 1 0 _aابنة بيرجر /
_cمحمود مسعود
700 1 _aنادين, جورديمر
490 _a
650 0 4 _aالادب الانجليزى
650 0 4 _aالقصص
942 _2ddc
_cBK
999 _c40344
_d40344